Datum a čas kvízu
34.5
Celkem bodů
Celkový počet nahraných bodů na tomto kvízu bez doplňovacích otázek.
3.
Pořadí na kvízu
Konečné umístění týmu na tomto kvízu.
Zaznamenané odpovědi
| # | Otázka | Odpověď | Body | Výsledky |
|---|---|---|---|---|
| 1. | Mezi tradičními novoročními zp... | Břeclav | 1 | |
| 2. | Britský deník The Times zveřej... | Mikuláš Minář | 1 | |
| 3. | Jedné americké herečce byl zab... | Sharon Stone | 0 | |
| 4. | Bývalý šéf jisté japonské auto... | Nissan | 1 | |
| 5. | Na Nový rok se tradičně konalo... | Dallas, Nashville | 1 | |
| 6. | 1. ledna došlo k růstu minimál... | 14 600 Kč (uznáváme 14 100–15 100) | 0 | |
| 7. | V jednom z francouzských zámoř... | Nová Kaledonie | 0 | |
| 8. | 25. ledna začíná čínský rok __... | kovové | 0 | |
| 9. | Nejbezpečnějšími aerolinkami p... | Qantas | 1 | |
| 10. | Mezi 12. červnem a 12. červenc... | Anglie, Chorvatsko | 1 |